| 000 | 00931nam a2200265Ia 4500 | ||
|---|---|---|---|
| 003 | OSt | ||
| 005 | 20220923211538.0 | ||
| 006 | a|||||r|||| 00| 0 | ||
| 007 | ta | ||
| 008 | 220922b |||||||| |||| 00| 0 hin d | ||
| 020 |
_a9789383099047 (hbk) _c1495 |
||
| 024 | _a348,415 | ||
| 037 |
_b239, 16/01/2019, Eastern Book Linkers _cTextual |
||
| 040 |
_aARTS _cARTS _bhin |
||
| 041 |
_2hin _ahin |
||
| 082 | _aLBv, 152Q9 | ||
| 100 | _aत्रिवेदी, पंकज, ले. | ||
| 245 | 0 | _aआयुर्वेद का इतिहास | |
| 246 | _aĀyurved kā itihāsa | ||
| 260 |
_aजयपुर _b पैराडाइज पब्लिशर्स _c2019 |
||
| 300 |
_a250पृ. _ccm. |
||
| 650 | _aवेद-आयुर्वेद | ||
| 942 |
_hLBv, 152Q9 _cTEXL _2CC |
||
| 999 |
_c300654 _d300654 |
||